Statistics for Name All Mariokart 7 Tracks

Click here to take the quiz!

General Stats

  • This quiz has been taken 16 times
  • The average score is 12 of 32

Answer Stats

CupTrack% Correct
LightningRainbow Road
92%
SpecialRainbow Road
92%
SpecialBowser's Castle
67%
FlowerMario Circuit
67%
ShellLuigi Circuit
50%
BananaCoconut Mall
42%
LightningKoopa Cape
42%
LeafMaple Treeway
42%
ShellMushroom Gorge
42%
MushroomToad Circuit
42%
LightningAirship Fortress
33%
MushroomDaisy Hills
33%
BananaKoopa Beach
33%
ShellLuigi's Mansion
33%
StarMaka Wuhu
33%
FlowerMusic Park
33%
BananaWaluigi Pinball
33%
ShellBowser Castle 1
25%
MushroomCheep Cheep Lagoon
25%
LeafDaisy Cruiser
25%
SpecialDK Jungle
25%
LeafKalimari Desert
25%
BananaMario Circuit 2
25%
FlowerRock Rock Mountain
25%
SpecialRosalina's Ice World
25%
MushroomShy Guy Bazaar
25%
StarWario Shipyard
25%
FlowerWuhu Loop
25%
LightningDino Dino Jungle
17%
LeafDK Pass
17%
StarNeo Bowser City
17%
StarPiranha Plant Slide
17%

Score Distribution

Percentile by Number Answered

Percent of People with Each Score

Your Score History

You have not taken this quiz